[Event "Ogolnopolska Olimpiada Mlodziezy D-12"]
[Site "Spala"]
[Date "1899-12-30"]
[Round "1.1"]
[White "Wojciechowska, Martyna"]
[Black "Kucharska, Honorata"]
[Result "0-1"]
[WhiteTitle "II"]
[BlackTitle "I"]
[WhiteElo "1280"]
[BlackElo "1722"]

1. e4 e6 2. d4 d5 3. Nc3 Nf6 4. Bg5 Be7 5. Bxf6 Bxf6 6. e5 Be7 7. Nf3 c5 8. dxc5
Bxc5 9. Bd3 Nc6 10. a3 a5 11. Qe2 Bd7 12. Rd1 O-O 13. O-O Bb6 14. Na2 Bc7 15.
c4 Qe7 16. Rfe1 dxc4 17. Bxc4 Rfd8 18. Nc3 Na7 19. Rd2 Bc6 20. Red1 Rxd2 21. Rxd2
Rd8 22. Rxd8+ Qxd8 23. Bd3 h6 24. Qe3 Bb6 25. Qe2 Qd7 26. h3 Bc7 27. Nd2 Qd4 28.
Nc4 b5 29. Nd2 b4 30. axb4 axb4 31. Nd1 Qxe5 32. Qxe5 Bxe5 33. b3 Bb5 34. Bxb5
Nxb5 35. g3 Bc3 36. Nb1 Kf8 37. Kf1 Bf6 38. Ke2 Ke7 39. Kd3 Kd6 40. Kc4 Na3+ 41.
Nxa3 bxa3 42. Nc3 Bxc3 43. Kxc3 Kc5 44. b4+ Kb5 45. Kb3 a2 46. Kxa2 Kxb4 47. Kb2
e5 48. Kc2 Kc4 49. Kd2 Kd4 50. Ke2 e4 51. f3 f5 52. fxe4 fxe4 53. g4 g5 54. Kd2
e3+ 55. Ke2 Ke4 56. Ke1 Kf3 57. Kf1 Kg3 58. Ke2 Kxh3 59. Kxe3 Kxg4 60. Kf2 Kh3
61. Kg1 g4 62. Kh1 g3 63. Kg1 g2 64. Kf2 Kh2 65. Kf3 g1=Q 66. Kf4 Qg6 67. Ke5
Kg3 68. Kd5 Kf4 69. Kc4 Ke4 70. Kc5 Qe6 71. Kb5 Kd4 72. Kb4 Qb6+ 73. Ka4 Kc3 74.
Ka3 Qb3# 0-1

[Event "Ogolnopolska Olimpiada Mlodziezy D-12"]
[Site "Spala"]
[Date "1899-12-30"]
[Round "1.2"]
[White "Harazinska, Magdalena"]
[Black "Hryn, Aleksandra"]
[Result "1-0"]
[WhiteTitle "I"]
[BlackTitle "II+"]
[WhiteElo "1618"]
[BlackElo "1277"]

1. d4 d5 2. Nf3 e6 3. Bf4 Nf6 4. e3 Be7 5. c4 O-O 6. Nc3 c6 7. cxd5 exd5 8. Qc2
Bd6 9. Bg3 Bxg3 10. hxg3 h6 11. Bd3 Nbd7 12. O-O-O Re8 13. Nh4 Nf8 14. Kb1 b5
15. Rde1 a5 16. e4 dxe4 17. Nxe4 Bb7 18. Nc5 Qc7 19. Nf5 Rxe1+ 20. Rxe1 Ng6 21.
Qd2 Re8 22. Rh1 Rd8 23. Nxg7 Kxg7 24. Qxh6+ Kg8 25. Bxg6 fxg6 26. Qh8+ Kf7 27.
Rh7+ Nxh7 28. Qxh7+ 1-0

[Event "Ogolnopolska Olimpiada Mlodziezy D-12"]
[Site "Spala"]
[Date "1899-12-30"]
[Round "1.3"]
[White "Wagner, Klaudia"]
[Black "Swiech, Joanna"]
[Result "0-1"]
[WhiteTitle "II"]
[BlackTitle "I"]
[WhiteElo "1271"]
[BlackElo "1598"]

1. d4 d5 2. c4 dxc4 3. e3 Nf6 4. Bxc4 e6 5. Nf3 c5 6. dxc5 Qxd1+ 7. Kxd1 Bxc5 8.
Nc3 Ke7 9. Ke2 Rd8 10. e4 Ng4 11. Bg5+ f6 12. Bh4 Nc6 13. h3 Nge5 14. Nxe5 Nxe5
15. Bb3 b6 16. Rhd1 Ba6+ 17. Ke1 Nd3+ 18. Rxd3 Rxd3 19. Bc2 Rd7 20. Ba4 Rd4 21.
Bc2 Rad8 22. Rd1 Rxd1+ 23. Bxd1 Bb4 24. g4 g5 25. Bg3 Bb7 26. Bc2 Ba6 27. Bd1
Bd3 28. Bf3 Bb1 29. a3 Bxc3+ 30. bxc3 Rd3 31. Ke2 Rxc3 32. h4 Rxa3 33. hxg5 fxg5
34. Bc7 b5 35. Kd1 Rxf3 36. Ke2 Rc3 37. Bb8 a5 38. Be5 Rc4 39. f3 b4 40. Bc7 Rxc7
41. Ke3 a4 42. f4 gxf4+ 43. Kxf4 a3 44. Kg5 a2 45. Kh6 a1=Q 46. Kg5 Qe5+ 47. Kh4
Rc1 48. g5 Qf4+ 49. Kh3 Qf3+ 50. Kh2 Rh1# 0-1

[Event "Ogolnopolska Olimpiada Mlodziezy D-12"]
[Site "Spala"]
[Date "1899-12-30"]
[Round "1.4"]
[White "Moscicka, Pola"]
[Black "Michalska, Aleksandra"]
[Result "1/2-1/2"]
[WhiteTitle "I"]
[BlackTitle "II"]
[WhiteElo "1568"]
[BlackElo "1266"]

1. c4 e5 2. Nc3 Nf6 3. g3 Bc5 4. Bg2 O-O 5. e3 d6 6. Nge2 Nc6 7. O-O Re8 8. d4
exd4 9. exd4 Bb4 10. a3 Bxc3 11. Nxc3 Bf5 12. b4 Rb8 13. Be3 Qd7 14. Nd5 Nxd5
15. Bxd5 Ne7 16. Bf3 Bh3 17. Re1 d5 18. Qb3 Qf5 19. Bh1 dxc4 20. Qxc4 c6 21. Bf4
Rbc8 22. Be4 Qd7 23. Rad1 Nd5 24. Qc1 Re7 25. Bh1 Rce8 26. Be3 Qf5 27. Bg2 Bxg2
28. Kxg2 Qe4+ 29. Kg1 Qf3 30. Rd3 Qf5 31. Qd2 h6 32. Kf1 Qf3 33. Kg1 Re4 34. Qe2
Qf6 35. Qd2 h5 36. Kg2 h4 37. Bg5 Qg6 38. Rxe4 Rxe4 39. Be3 hxg3 40. hxg3 Qe6
41. a4 Qe7 42. b5 cxb5 43. axb5 Qd7 44. Qa5 b6 45. Qa4 Re7 46. Bd2 Qb7 47. Kg1
Rd7 48. Ra3 Nf6 49. Be3 Qe4 50. Qc4 Qe7 51. Ra1 Nd5 52. Qd3 Qd6 53. Kg2 Nxe3+
54. fxe3 Qd5+ 55. Kf2 g6 56. Rc1 Kg7 57. Rc6 Qa2+ 58. Qe2 Qb3 59. Rc8 Qe6 60.
Rc6 Qd5 61. Qf3 Qxf3+ 62. Kxf3 Kf8 63. e4 Rxd4 64. Rc8+ Ke7 65. Rc7+ Rd7 66. Rc6
Kf8 67. Kf4 Kg7 68. g4 Rd4 69. Rc7 g5+ 70. Kf5 Rb4 71. Rxa7 Rxb5+ 72. e5 Rc5 73.
Re7 Rc6 74. Rb7 Re6 75. Ra7 Kf8 76. Ra3 b5 77. Rb3 Rb6 78. Kxg5 Ke7 79. Kf5 b4
80. g5 Kf8 81. Ke4 Kg7 82. Kf5 Kf8 83. Ke4 1/2-1/2

[Event "Ogolnopolska Olimpiada Mlodziezy D-12"]
[Site "Spala"]
[Date "1899-12-30"]
[Round "1.5"]
[White "Bilczewska, Olga"]
[Black "Rudzinska, Michalina"]
[Result "1/2-1/2"]
[WhiteTitle "II"]
[BlackTitle "I"]
[WhiteElo "1252"]
[BlackElo "1544"]

1. e4 c5 2. c3 d5 3. exd5 Qxd5 4. d4 Nf6 5. Nf3 Bg4 6. Be2 e6 7. O-O Be7 8. Nbd2
Nc6 9. Nb3 cxd4 10. Nbxd4 O-O 11. Nxc6 bxc6 12. Nd4 Bxe2 13. Qxe2 Rfd8 14. Be3
c5 15. Nb3 Qc6 16. Qc4 Nd5 17. Bd2 Nb6 18. Qe2 a5 19. Rad1 a4 20. Nc1 Bf6 21.
Nd3 a3 22. b3 Nd5 23. c4 Nc3 24. Bxc3 Bxc3 25. Qc2 Ba5 26. Qc1 Bc7 27. Qe3 Bb6
28. Rfe1 Rd6 29. Ne5 Qc7 30. Qf3 Rad8 31. Rxd6 Rxd6 32. Qe3 Rd4 33. h3 Ba5 34.
Rb1 Bd2 35. Qe2 Bf4 36. Nf3 Rd8 37. g3 Bd6 38. h4 Be7 39. Qe3 h6 40. Re1 Qd6 41.
Qc1 Qd3 42. Kg2 Ra8 43. Rd1 1/2-1/2

[Event "Ogolnopolska Olimpiada Mlodziezy D-12"]
[Site "Spala"]
[Date "1899-12-30"]
[Round "1.6"]
[White "Kalinowska, Zuzanna"]
[Black "Czarniecka, Aleksandra"]
[Result "1-0"]
[WhiteTitle "I"]
[BlackTitle "I"]
[WhiteElo "1542"]
[BlackElo "1247"]

1. d4 Nf6 2. Nf3 g6 3. c3 Bg7 4. Bf4 d6 5. h3 O-O 6. e3 a5 7. Be2 Na6 8. O-O c6
9. Nbd2 Nc7 10. Qc2 b5 11. a4 Ba6 12. axb5 Bxb5 13. c4 Ba6 14. Rxa5 Ne6 15. Rfa1
Nxf4 16. exf4 Bb7 17. Rxa8 Bxa8 18. Qb3 Qc7 19. Qa3 Nh5 20. g3 Nf6 21. Qa7 Bb7
22. Qa5 Qd7 23. Qb4 Qc8 24. Ra7 Ba8 25. Rxe7 d5 26. c5 Qxh3 27. Bf1 Qc8 28. Qa5
Ng4 29. Bh3 f5 30. Qa7 Bh8 31. Rxh7 Nf6 32. Re7 Ne8 33. Nb3 Ng7 34. Ne5 Rf6 35.
Bf1 Ne6 36. Ba6 Qd8 37. Rd7 Qe8 38. Rh7 Nd8 39. Qd7 Qf8 40. Qe7 Bg7 41. Qxf8+
Rxf8 42. Rh1 Bxe5 43. fxe5 Ne6 44. Bd3 Rb8 45. Bc2 Bb7 46. Kg2 Ba6 47. Rd1 Bc4
48. Na5 Bb5 49. b3 Ra8 50. b4 Rb8 51. Kf3 Ng5+ 52. Ke3 Ne6 53. f4 Kf7 54. Rh1
Kg7 55. Rh4 Nd8 56. g4 Nf7 57. gxf5 gxf5 58. Bxf5 Nh6 59. Bc2 Ba4 60. Rxh6 Kxh6
61. Bxa4 Rxb4 62. Bxc6 Kh5 63. Bxd5 Ra4 64. Nc4 Rb4 65. c6 Rb3+ 66. Ke4 Rb8 67.
Nd6 1-0

[Event "Ogolnopolska Olimpiada Mlodziezy D-12"]
[Site "Spala"]
[Date "1899-12-30"]
[Round "1.7"]
[White "Filipska, Maja"]
[Black "Waszczuk, Patrycja"]
[Result "0-1"]
[WhiteTitle "I"]
[BlackTitle "I"]
[WhiteElo "1241"]
[BlackElo "1474"]

1. e4 c5 2. Nc3 e6 3. g3 Nc6 4. Bg2 g6 5. Nf3 Bg7 6. O-O Nge7 7. d3 d6 8. Be3 Nd4
9. Bxd4 cxd4 10. Ne2 Qb6 11. Rb1 Nc6 12. c3 dxc3 13. Nxc3 O-O 14. Qc2 Bd7 15.
Rfd1 Rac8 16. Qd2 Nd4 17. Nxd4 Bxd4 18. Rdc1 f5 19. exf5 Rxf5 20. Rf1 Rcf8 21.
Nd1 Bb5 22. Ne3 Rxf2 23. Rxf2 Bxe3 24. Qc3 Bxf2+ 25. Kh1 Bd4 26. Qe1 d5 27. Bh3
Bd7 28. b3 Rf2 29. a4 Qd6 30. Rd1 e5 31. Bxd7 Qxd7 32. Rd2 Rxd2 33. Qxd2 Qf5 34.
Qg2 e4 35. dxe4 Qxe4 36. Qxe4 dxe4 37. Kg2 Kf7 38. Kf1 Ke6 39. Ke2 Kd5 40. Kd2
Bc5 41. Ke2 Kd4 42. Kd2 Bb4+ 43. Ke2 e3 44. Kd1 Kd3 45. Kc1 e2 46. Kb2 e1=Q 47.
Ka2 Qd2+ 48. Kb1 Qc2+ 49. Ka1 Bc3# 0-1

[Event "Ogolnopolska Olimpiada Mlodziezy D-12"]
[Site "Spala"]
[Date "1899-12-30"]
[Round "1.8"]
[White "Karlyk, Maria"]
[Black "Kawecka, Malgorzata"]
[Result "1-0"]
[WhiteTitle "I"]
[BlackTitle "II+"]
[WhiteElo "1440"]
[BlackElo "1238"]

1. e4 d5 2. exd5 Qxd5 3. Nf3 Bg4 4. Be2 c6 5. Nc3 Qf5 6. d3 Nf6 7. h3 Bxf3 8. Bxf3
Qa5 9. O-O e6 10. Bd2 Qc7 11. Rb1 Bd6 12. Be4 O-O 13. f4 Nbd7 14. Qe1 Nc5 15.
Kh1 h6 16. a3 Rfe8 17. Qh4 Be7 18. Qf2 Bd6 19. Be3 Ncxe4 20. dxe4 e5 21. f5 b5
22. b4 a5 23. Bb6 Qe7 24. Bxa5 Reb8 25. Rb3 c5 26. Qe3 c4 27. Rbb1 Bc7 28. Bxc7
Qxc7 29. Ra1 Ra6 30. Rf3 Rd6 31. Rg3 Kf8 32. a4 bxa4 33. Rxa4 Rd4 34. Qe1 Qb7
35. Re3 Qc6 36. b5 Qb7 37. Qa1 Qb6 38. Ra6 Qc5 39. Rc6 Qb4 40. Qa7 Rbd8 41. Rc7
Nd7 42. b6 Qxb6 43. Rxd7 Qxa7 44. Rxa7 Rd2 45. Ra2 f6 46. Nd5 Rb8 47. Nc3 Rbd8
48. Kg1 Kf7 49. Kf1 R8d7 50. Re2 R2d6 51. Nd5 Rb7 52. Ra4 Rc6 53. Re3 Rb1+ 54.
Ke2 Rg1 55. Kf2 Rc1 56. Rc3 Rc8 57. Raxc4 Rxc4 58. Rxc4 h5 59. Rc7+ Kf8 60. c4
Rc2+ 61. Kf3 h4 62. c5 Ke8 63. c6 Kd8 64. Rd7+ Kc8 65. Nb6+ Kb8 66. Rb7# 1-0

[Event "Ogolnopolska Olimpiada Mlodziezy D-12"]
[Site "Spala"]
[Date "1899-12-30"]
[Round "1.9"]
[White "Raczykowska, Paulina"]
[Black "Kulpa, Zuzanna"]
[Result "1-0"]
[WhiteTitle "II+"]
[BlackTitle "II+"]
[WhiteElo "1228"]
[BlackElo "1425"]

1. e4 e6 2. d4 d5 3. e5 c5 4. c3 Nc6 5. Nf3 Qb6 6. Bd3 Bd7 7. Bc2 cxd4 8. cxd4
Be7 9. O-O f6 10. Nc3 Na5 11. Qe2 Nc6 12. Rd1 Rc8 13. Nxd5 exd5 14. e6 Bxe6 15.
Qxe6 Rd8 16. Bxh7 Rd6 17. Bg6+ Kd8 18. Qf7 Nh6 19. Qxg7 1-0

[Event "Ogolnopolska Olimpiada Mlodziezy D-12"]
[Site "Spala"]
[Date "1899-12-30"]
[Round "1.10"]
[White "Poreba, Weronika"]
[Black "Nowicka, Julia"]
[Result "1-0"]
[WhiteTitle "I"]
[BlackTitle "II"]
[WhiteElo "1414"]
[BlackElo "1218"]

1. e4 e5 2. Nf3 Nc6 3. Bc4 Bc5 4. c3 Nf6 5. d4 exd4 6. cxd4 Bb4+ 7. Bd2 Bxd2+ 8.
Nbxd2 d5 9. exd5 Nxd5 10. Qb3 Nce7 11. O-O O-O 12. Rae1 Re8 13. Re5 c6 14. Rfe1
Rb8 15. Bxd5 cxd5 16. Qxd5 Qxd5 17. Rxd5 Be6 18. Rde5 Rbd8 19. b3 Nc6 20. R5e4
Nb4 21. a4 Re7 22. Ng5 Rde8 23. Nxe6 fxe6 24. Nc4 Rd8 25. Rxe6 Rxe6 26. Rxe6 Rxd4
27. g3 Kf7 28. Rd6 Re4 29. Rd7+ Re7 30. Nd6+ Ke6 31. Rxe7+ Kxe7 32. Nxb7 Kd7 33.
f4 Kc6 34. Na5+ Kc5 35. Kg2 Kb6 36. Nc4+ Kc5 37. Kf3 Kd4 38. Na5 Kc3 39. Ke4 Nc2
40. g4 Kb4 41. Nc6+ Kxb3 42. Nxa7 Kxa4 43. f5 Kb4 44. g5 Kc5 45. Ke5 Ne3 46. f6
Ng4+ 47. Ke6 gxf6 48. gxf6 Nxf6 49. Kxf6 Kd4 50. Kg5 Ke4 51. h4 Ke5 52. h5 Ke6
53. Kh6 Kf6 54. Kxh7 Kg5 55. h6 Kf6 56. Kg8 Kg6 57. h7 Kf5 58. h8=Q Ke4 59. Qh5
Kd4 60. Qb5 Ke4 61. Qc5 Kf4 62. Qd5 Ke3 63. Qc4 Kf3 64. Qd4 Ke2 65. Qc3 Kf2 66.
Qd3 Ke1 67. Qc2 Kf1 68. Qd2 Kg1 69. Qe2 Kh1 70. Nc6 Kg1 71. Ne5 Kh1 72. Ng4 Kg1
73. Qf2+ Kh1 74. Qh2# 1-0

[Event "Ogolnopolska Olimpiada Mlodziezy D-12"]
[Site "Spala"]
[Date "1899-12-30"]
[Round "1.11"]
[White "Skiba, Aleksandra"]
[Black "Malicka, Maria"]
[Result "1/2-1/2"]
[WhiteTitle "II"]
[BlackTitle "I"]
[WhiteElo "1214"]
[BlackElo "1408"]

1. d4 Nf6 2. c4 e6 3. Nc3 Bb4 4. Bg5 c5 5. d5 d6 6. a3 Bxc3+ 7. bxc3 e5 8. e4 Qa5
9. f3 Nbd7 10. Qb3 a6 11. Bd3 h6 12. Bxf6 Nxf6 13. Ne2 Rb8 14. Rb1 Nd7 15. O-O
O-O 16. Rfc1 Qd8 17. Re1 Qg5 18. Ng3 g6 19. Qd1 h5 20. Re2 h4 21. Nf1 Nf6 22.
Qd2 Qh5 23. h3 g5 24. Ne3 Qg6 25. Ng4 Nh5 26. Rb6 Bxg4 27. fxg4 Nf4 28. Re3 Qf6
29. Qb2 Qe7 30. Kh2 Qc7 31. g3 hxg3+ 32. Kxg3 Kg7 33. h4 gxh4+ 34. Kh2 Qd7 35.
Be2 Rh8 36. Bf3 Qc7 37. Be2 Nxe2 38. Rxe2 Qd7 39. Rg2 Qc7 40. Rg1 Rh6 41. Kh3
Qc8 42. Qd2 Qc7 43. Rgb1 Rf6 44. Qg5+ Rg6 45. Qf5 Rf6 46. Qg5+ Rg6 47. Qf5 Rf6
48. Qg5+ Rg6 1/2-1/2

[Event "Ogolnopolska Olimpiada Mlodziezy D-12"]
[Site "Spala"]
[Date "1899-12-30"]
[Round "1.12"]
[White "Wolagiewicz, Kinga"]
[Black "Lukaszewska, Magdalena"]
[Result "1-0"]
[WhiteTitle "I"]
[BlackTitle "II"]
[WhiteElo "1373"]
[BlackElo "1190"]

1. e4 c5 2. Nf3 Nc6 3. d4 cxd4 4. Nxd4 Qb6 5. Nxc6 dxc6 6. Nc3 a6 7. Rb1 e5 8.
Be3 Qc7 9. Be2 Nf6 10. O-O Bb4 11. Bf3 b5 12. Ne2 Be6 13. a3 Be7 14. Ng3 Rd8 15.
Qe1 O-O 16. Bd2 Qb7 17. Ba5 Rd7 18. Rd1 Bd8 19. Bb4 Rxd1 20. Qxd1 Re8 21. Qd2
h6 22. Qc3 Qb8 23. Qxc6 Qc8 24. Qxc8 Bxc8 25. Rd1 Bc7 26. Bc3 Bb7 27. h3 Re6 28.
Bb4 Rc6 29. c3 a5 30. Nf5 Re6 31. Ne7+ Kh7 32. Bc5 Bxe4 33. Be2 Bc2 34. Rd2 Ba4
35. c4 Bb6 36. Bxb6 Rxb6 37. c5 Rb7 38. Nc6 Rd7 39. Rd6 b4 40. Nxe5 Rc7 41. Bd3+
g6 42. Rxf6 Rd7 1-0

[Event "Ogolnopolska Olimpiada Mlodziezy D-12"]
[Site "Spala"]
[Date "1899-12-30"]
[Round "1.13"]
[White "Mytych, Wiktoria"]
[Black "Koruch, Maria"]
[Result "1/2-1/2"]
[WhiteTitle "II"]
[BlackTitle "II"]
[WhiteElo "1109"]
[BlackElo "1362"]

1. e4 c5 2. c3 d5 3. exd5 Qxd5 4. d4 cxd4 5. cxd4 Nc6 6. Be3 Nf6 7. Nf3 Bg4 8.
Nbd2 e6 9. Bc4 Qd7 10. a3 Be7 11. O-O O-O 12. h3 Bh5 13. b4 a6 14. Re1 Rac8 15.
Be2 Qc7 16. Rc1 Bd6 17. Nc4 Bf4 18. Nfe5 Bxe2 19. Qxe2 Bxe5 20. Nxe5 Qd6 21. Nc4
Qe7 22. Bf4 Nxd4 23. Qe3 Rfd8 24. Bd6 Rxd6 25. Nxd6 Rxc1 26. Rxc1 Nc6 27. Ne4
Nd5 28. Qe2 h6 29. Nc3 Nd4 30. Qd3 Nxc3 31. Rxc3 Nc6 32. b5 axb5 33. Qxb5 Qf6
34. Qd3 g6 35. Rb3 Qe7 36. Qb1 Na5 37. Rc3 Nc6 38. Re3 Na5 39. Qb4 Qc7 40. Rc3
Nc6 41. Qa4 Qe5 42. Re3 Qc7 43. Rb3 Na5 44. Qe8+ Kg7 45. Rf3 Qc1+ 46. Kh2 Qc7+
47. g3 h5 48. h4 Nc6 49. Rf4 Ne5 50. Qb5 Ng4+ 51. Kg2 e5 52. Rc4 Qd6 53. Qxb7
Qxa3 54. Rc2 Qd3 55. Rb2 e4 56. Rb3 Qe2 57. Qb6 e3 58. Qd4+ Kh7 59. Qf4 Kg7 60.
Qd4+ 1/2-1/2

[Event "Ogolnopolska Olimpiada Mlodziezy D-12"]
[Site "Spala"]
[Date "1899-12-30"]
[Round "1.14"]
[White "Tarka, Aleksandra"]
[Black "Maruszczak, Hanna"]
[Result "1-0"]
[WhiteTitle "II+"]
[BlackTitle "II"]
[WhiteElo "1349"]
[BlackElo "1069"]

1. e4 e5 2. Nf3 Nc6 3. Bc4 Nf6 4. Ng5 d5 5. exd5 Na5 6. Bb5+ c6 7. dxc6 bxc6 8.
Be2 h6 9. Nf3 Be7 10. Nxe5 Qd5 11. Nf3 O-O 12. Nc3 Qd6 13. O-O Nb7 14. d4 Bg4
15. Ne5 Bxe2 16. Qxe2 Qxd4 17. Nxc6 Qd7 18. Nxe7+ Kh8 19. Re1 Rfe8 20. Bf4 Qd4
21. Qf3 Nd6 22. Rad1 Qb4 23. Bxd6 Qxb2 24. Nf5 Qxc2 25. Nxh6 1-0

[Event "Ogolnopolska Olimpiada Mlodziezy D-12"]
[Site "Spala"]
[Date "1899-12-30"]
[Round "1.15"]
[White "Tamon, Agata"]
[Black "Pyzio, Amelia"]
[Result "1/2-1/2"]
[WhiteTitle "II"]
[BlackTitle "II+"]
[WhiteElo "1056"]
[BlackElo "1346"]

1. e4 e6 2. d4 d5 3. Nd2 c5 4. c3 Nc6 5. Ngf3 Nf6 6. e5 Nd7 7. Bb5 Nb6 8. O-O Bd7
9. Bxc6 Bxc6 10. Re1 Be7 11. Nf1 O-O 12. Ng3 cxd4 13. cxd4 Rc8 14. b3 Nd7 15.
Be3 b5 16. Rc1 Bb7 17. Rxc8 Qxc8 18. Qc1 Qxc1 19. Rxc1 Rc8 20. Rd1 Rc2 21. Rc1
Rxc1+ 22. Bxc1 b4 23. Ne2 Ba6 24. Kf1 Nb6 25. Bd2 Na8 26. Ke1 Nc7 27. Nc1 Bb5
28. Be3 a5 29. Bg5 f6 30. exf6 gxf6 31. Bf4 Bd8 32. h3 Ba6 33. Bxc7 Bxc7 34. Ne2
Kf7 35. Kd2 Ke7 36. Kd1 Kd7 37. Kd2 Kc6 38. Kd1 Bd3 39. Kd2 Ba6 40. Kd1 Bd6 41.
Kd2 Bf8 42. Kd1 Bh6 43. h4 Bd3 44. Nc1 Bb1 45. Nd2 Bf5 46. g3 Kb5 47. Ke1 Bg4
48. Nd3 Bf5 49. Nc1 e5 50. dxe5 fxe5 51. f3 Bc2 52. Ke2 Kc5 53. Nd3+ Kd4 54. Nf2
Kc3 55. Nf1 Kb2 56. Ng4 Bg7 57. Nfe3 h5 58. Nf2 Bxb3 59. axb3 Kxb3 60. Nxd5 a4
61. Nd3 Bf8 1/2-1/2

[Event "Ogolnopolska Olimpiada Mlodziezy D-12"]
[Site "Spala"]
[Date "1899-12-30"]
[Round "1.16"]
[White "Jarocka, Liwia"]
[Black "Szelejewska, Maria"]
[Result "1-0"]
[WhiteTitle "I"]
[BlackTitle "II"]
[WhiteElo "1341"]
[BlackElo "1054"]

1. e4 e5 2. Nf3 Nc6 3. Bb5 Nf6 4. O-O a6 5. Ba4 Be7 6. Re1 O-O 7. Bxc6 bxc6 8.
Nxe5 Bb7 9. Nf3 d5 10. e5 Ne4 11. d4 c5 12. c3 f5 13. exf6 Rxf6 14. Nbd2 Qd6 15.
Nxe4 dxe4 16. Ne5 Raf8 17. Bg5 Rxf2 18. Bxe7 Qxe7 19. Qb3+ Kh8 20. Qxb7 cxd4 21.
Qxe4 Qg5 22. Re2 R2f4 23. Qd5 Qh5 24. Ree1 Rf2 25. cxd4 Qg5 26. Rf1 Qd2 27. Nf7+
R8xf7 28. Qd8+ Rf8 29. Qxf8+ 1-0

[Event "Ogolnopolska Olimpiada Mlodziezy D-12"]
[Site "Spala"]
[Date "1899-12-30"]
[Round "2.1"]
[White "Kucharska, Honorata"]
[Black "Jarocka, Liwia"]
[Result "1-0"]
[WhiteTitle "I"]
[BlackTitle "I"]
[WhiteElo "1722"]
[BlackElo "1341"]

1. e4 e5 2. Nf3 Nc6 3. Bb5 a6 4. Ba4 Nf6 5. d3 d6 6. h3 g6 7. O-O Bg7 8. c3 O-O
9. Bc2 h6 10. Be3 Nh5 11. d4 exd4 12. Nxd4 Ne5 13. Nf5 gxf5 14. Qxh5 fxe4 15.
Bxe4 Qf6 16. f4 Nc6 17. Nd2 Re8 18. Rae1 Be6 19. Bb1 Rad8 20. f5 Bc8 21. Ne4 Qe5
22. Bxh6 Bxh6 23. Qxh6 Qg7 24. Nf6+ Kf8 25. Rxe8+ Rxe8 26. Qxg7+ Kxg7 27. Nxe8+
Kf8 28. Nxc7 Ne7 29. f6 Ng8 30. Bh7 Nh6 31. Re1 Bd7 32. Re7 Bc6 33. g4 d5 34.
g5 Ng8 35. Bxg8 Kxg8 36. h4 Kh7 37. h5 Kg8 38. g6 fxg6 39. hxg6 a5 40. f7+ Kg7
41. Ne8+ Kf8 42. g7+ Kxe7 43. f8=Q+ Ke6 44. Qf6+ Kd7 45. Qd6+ 1-0

[Event "Ogolnopolska Olimpiada Mlodziezy D-12"]
[Site "Spala"]
[Date "1899-12-30"]
[Round "2.2"]
[White "Kaniowska, Anna"]
[Black "Harazinska, Magdalena"]
[Result "1-0"]
[WhiteTitle "II"]
[BlackTitle "I"]
[WhiteElo "1336"]
[BlackElo "1618"]

1. d4 Nf6 2. c4 e6 3. Nc3 c5 4. d5 exd5 5. cxd5 d6 6. e4 g6 7. Nf3 Bg7 8. Bb5+
Nfd7 9. Qc2 a6 10. Bd3 b5 11. O-O O-O 12. Re1 c4 13. Bf1 Nc5 14. Bf4 h6 15. h3
b4 16. Nd1 c3 17. bxc3 bxc3 18. Nxc3 g5 19. Bg3 f5 20. exf5 Bxf5 21. Qc1 Qf6 22.
Re3 Na4 23. Nxa4 Qxa1 24. Qxa1 Bxa1 25. Bxd6 Rd8 26. Bg3 Nd7 27. Bc4 Rdc8 28.
Nd2 Re8 29. Rxe8+ Rxe8 30. Bxa6 Re1+ 31. Kh2 Be5 32. Nf3 Bxg3+ 33. Kxg3 Kf7 34.
Nxe1 Ke7 35. Nc3 Kd6 36. Bd3 Bxd3 37. Nxd3 1-0

[Event "Ogolnopolska Olimpiada Mlodziezy D-12"]
[Site "Spala"]
[Date "1899-12-30"]
[Round "2.3"]
[White "Swiech, Joanna"]
[Black "Hryn, Zofia"]
[Result "1-0"]
[WhiteTitle "I"]
[BlackTitle "II"]
[WhiteElo "1598"]
[BlackElo "1327"]

1. c4 e5 2. g3 Nf6 3. Bg2 Bc5 4. Nf3 Nc6 5. O-O O-O 6. Nc3 Re8 7. e3 d6 8. d4 Bb4
9. Qb3 exd4 10. exd4 Bg4 11. d5 Bxf3 12. dxc6 Bxg2 13. Kxg2 Bxc3 14. cxb7 Bxb2
15. Bxb2 Rb8 16. Bxf6 Qxf6 17. Rab1 Qe5 18. Qa4 Qe4+ 19. Kg1 a5 20. Rb3 Red8 21.
Qb5 Qe5 22. Rfb1 Re8 23. Qc6 Re7 24. Re3 Qf6 25. Rbe1 Rxe3 26. Rxe3 Qd8 27. Qe4
g6 28. Rd3 Qe8 29. Qxe8+ Rxe8 30. Rb3 Rb8 31. Kf1 Kg7 32. Ke2 Kf6 33. Ke3 Ke5
34. Rb5+ c5 35. a4 f5 36. f4+ Kf6 37. Rb6 Ke6 38. h3 h5 39. Kf3 Kd7 40. Rb5 Kc7
41. Rxa5 Rxb7 42. Rb5 Ra7 43. a5 Rb7 44. Ke3 Kc6 45. a6 Ra7 46. Rb8 Rxa6 47. Rg8
Ra3+ 48. Kf2 Rc3 49. Rxg6 Rxc4 50. Rf6 Rc2+ 51. Ke3 Rc3+ 52. Kf2 Rc2+ 53. Ke3
Rh2 54. Kf3 c4 55. Rxf5 c3 56. Ra5 Rh1 57. Ra3 Rc1 58. Ke2 Kc5 59. Kd3 Kb4 60.
Ra8 Rf1 61. Rb8+ Ka5 62. Kxc3 Rf3+ 63. Kc4 Rxg3 64. Rb5+ Ka6 65. Rxh5 Rf3 66.
f5 Kb6 67. Kd5 Rd3+ 68. Ke4 Ra3 69. f6 Ra4+ 70. Kf5 Ra1 71. f7 Kc6 72. Kf6 Ra8
73. Kg7 d5 74. f8=Q Rxf8 75. Kxf8 Kc5 76. Rg5 Kc4 77. Rg1 d4 78. h4 d3 79. h5
Kc3 80. h6 Kc2 81. h7 d2 82. h8=Q d1=Q 83. Rxd1 Kxd1 84. Qd4+ Ke1 85. Qb2 Kd1
86. Ke7 Ke1 87. Ke6 Kd1 88. Kd5 Ke1 89. Ke4 Kf1 90. Kf3 Ke1 91. Qe2# 1-0

[Event "Ogolnopolska Olimpiada Mlodziezy D-12"]
[Site "Spala"]
[Date "1899-12-30"]
[Round "2.4"]
[White "Lascar, Maria Elena"]
[Black "Kalinowska, Zuzanna"]
[Result "0-1"]
[WhiteTitle "II+"]
[BlackTitle "I"]
[WhiteElo "1299"]
[BlackElo "1542"]

1. e4 e6 2. Nf3 d5 3. Nc3 Nf6 4. e5 Nfd7 5. d4 c5 6. dxc5 Nc6 7. Bf4 Nxc5 8. Be2
Be7 9. O-O O-O 10. Rb1 f6 11. exf6 Bxf6 12. Qd2 e5 13. Bg5 d4 14. Bc4+ Be6 15.
Bxe6+ Nxe6 16. Ne4 Bxg5 17. Nexg5 Qd5 18. Qd3 g6 19. c4 Qd7 20. b4 Nxg5 21. Nxg5
Qe7 22. Qd2 e4 23. b5 e3 24. fxe3 dxe3 25. Qd5+ Kh8 26. bxc6 bxc6 27. Nf7+ Kg8
28. Qxc6 e2 29. Rfe1 Rac8 30. Nh6+ Kh8 31. Rb7 Qe3+ 32. Kh1 Rf1+ 33. Rxf1 exf1=Q#
0-1

[Event "Ogolnopolska Olimpiada Mlodziezy D-12"]
[Site "Spala"]
[Date "1899-12-30"]
[Round "2.5"]
[White "Waszczuk, Patrycja"]
[Black "Orlik, Sandra"]
[Result "1-0"]
[WhiteTitle "I"]
[BlackTitle "II"]
[WhiteElo "1474"]
[BlackElo "1298"]

1. e4 e5 2. Nf3 Nc6 3. Nc3 Nf6 4. Bb5 d6 5. d4 exd4 6. Nxd4 Bd7 7. O-O Be7 8. Be3
O-O 9. Bxc6 bxc6 10. f3 Rb8 11. Rb1 c5 12. Nde2 Re8 13. Qd3 Be6 14. Nf4 c6 15.
Rfd1 Qc7 16. Nxe6 fxe6 17. e5 Nd5 18. exd6 Bxd6 19. h3 Rbd8 20. Ne4 Bh2+ 21. Kh1
Nxe3 22. Qxe3 Rd5 23. Rxd5 exd5 24. Nf6+ gxf6 25. Qxe8+ Kg7 26. Re1 Bd6 27. Qe6
d4 28. Qg4+ Kf8 29. Qf5 1-0

[Event "Ogolnopolska Olimpiada Mlodziezy D-12"]
[Site "Spala"]
[Date "1899-12-30"]
[Round "2.6"]
[White "Choinska, Debora"]
[Black "Karlyk, Maria"]
[Result "1/2-1/2"]
[WhiteTitle "II"]
[BlackTitle "I"]
[WhiteElo "1297"]
[BlackElo "1440"]

1. e4 c5 2. Nf3 e6 3. d4 cxd4 4. Nxd4 Nf6 5. Bd3 Nc6 6. Nxc6 bxc6 7. O-O Be7 8.
Kh1 e5 9. f4 exf4 10. Bxf4 d6 11. Nd2 Bb7 12. Qf3 Qd7 13. Qg3 Nh5 14. Qf3 Nxf4
15. Qxf4 O-O 16. Qf5 Qd8 17. Qh3 a5 18. e5 g6 19. exd6 Bxd6 20. Ne4 Be5 21. Rab1
Qe7 22. Rbe1 f5 23. Nd2 Qf6 24. b3 Rae8 25. Ne4 Qe7 26. Nd2 Qb4 27. Nf3 Bf6 28.
a4 c5 29. Bc4+ Kh8 30. Rd1 Bxf3 31. Qxf3 Bd4 32. Rd3 Re1 33. Rd1 Rxd1 34. Qxd1
Re8 35. h3 Re3 36. Bd3 f4 37. Be2 Qc3 38. Bd3 Be5 39. Kg1 Qd4 40. Kh1 Qb4 41.
Kg1 Bc3 42. Bc4 Bd4 43. Kh1 Qc3 44. Bd3 g5 45. Qh5 Re7 46. Qxg5 Rf7 47. Qd8+ Kg7
48. Qg5+ Kh8 49. Qd8+ Kg7 1/2-1/2

[Event "Ogolnopolska Olimpiada Mlodziezy D-12"]
[Site "Spala"]
[Date "1899-12-30"]
[Round "2.7"]
[White "Tomczak, Marta"]
[Black "Poreba, Weronika"]
[Result "1/2-1/2"]
[WhiteTitle "II"]
[BlackTitle "I"]
[WhiteElo "1284"]
[BlackElo "1414"]

1. e4 c5 2. c3 d5 3. exd5 Qxd5 4. d4 Nf6 5. Nf3 e6 6. Be3 cxd4 7. cxd4 Nc6 8. Nc3
Qd6 9. Bd3 Be7 10. O-O O-O 11. Qe2 b6 12. Rad1 Bb7 13. Ne4 Qc7 14. Rfe1 Nb4 15.
Nxf6+ Bxf6 16. Rc1 Qe7 17. Bc4 Rfd8 18. a3 Nd5 19. Bd2 Rd6 20. Bxd5 Rxd5 21. Bc3
Rad8 22. Rcd1 a5 23. Ne5 Bxe5 24. dxe5 Qd7 25. Rc1 Qc6 26. f3 Qb5 27. Qxb5 Rxb5
28. b4 a4 29. Rcd1 Rbd5 30. Rxd5 Rxd5 31. Kf2 Kf8 32. Re4 Rd1 33. Rd4 Rxd4 34.
Bxd4 b5 35. Bc5+ Ke8 36. g3 Kd7 37. Ke3 Bd5 38. f4 Kc6 39. Kd4 Bc4 40. h4 Be2
41. Bf8 g6 42. Be7 Bf3 43. Bg5 Bg4 44. Ke4 1/2-1/2